| Tag |
First Indicator |
Second Indicator |
Subfields |
| LEADER |
00000cam a2200000 a 4500 |
| 001 |
in00001402909 |
| 005 |
20190207095841.0 |
| 008 |
930803s1993 txuac b 001 0 eng d |
| 020 |
|
|
|a 0890159076
|
| 035 |
|
|
|a (OCoLC)28558395
|
| 035 |
|
|
|9 AHM6952AM
|
| 040 |
|
|
|a ILU
|c ILU
|d TXI
|d TXA
|d UtOrBLW
|
| 043 |
|
|
|a n-us-tx
|
| 049 |
|
|
|a TXAS [txas]
|
| 090 |
|
|
|a F394.N45
|b G73 1993
|
| 100 |
1 |
|
|a Gregory, Rosemarie Leissner.
|
| 245 |
1 |
0 |
|a Kindermaskenball :
|b past and present, 150 years of heritage /
|c Rosemarie Leissner Gregory, Myra Lee Adams Goff.
|
| 250 |
|
|
|a 1st ed.
|
| 264 |
|
1 |
|a Austin, Tex. :
|b Eakin Press,
|c [1993]
|
| 264 |
|
4 |
|c ©1993
|
| 300 |
|
|
|a viii, 149 pages :
|b illustrations, portraits ;
|c 29 cm.
|
| 336 |
|
|
|a text
|b txt
|2 rdacontent
|
| 337 |
|
|
|a unmediated
|b n
|2 rdamedia
|
| 338 |
|
|
|a volume
|b nc
|2 rdacarrier
|
| 500 |
|
|
|a The Cushing Library/Chapman Texas Collection copy is part of the Floyd & Louise Chapman Texas & Borderlands Collection.
|5 TXA
|
| 504 |
|
|
|a Includes bibliographical references (page 133) and index.
|
| 611 |
2 |
4 |
|a Kindermaskenball.
|
| 650 |
|
0 |
|a Balls (Parties)
|x History.
|
| 650 |
|
0 |
|a Children's parties
|x History.
|
| 651 |
|
0 |
|a New Braunfels (Tex.)
|x Social life and customs.
|
| 700 |
1 |
|
|a Goff, Myra Lee Adams.
|
| 999 |
|
|
|a MARS
|
| 999 |
f |
f |
|s c09bc488-3bc0-3458-b404-832243554164
|i 2025ad8b-3a00-34e0-b16b-89a574133a30
|t 0
|
| 952 |
f |
f |
|p noncirc
|a Texas A&M University
|b College Station
|c Cushing Memorial Library & Archives
|d Cushing: Chapman Texas Collection (Does not check out)
|t 0
|e F394.N45 G73 1993
|h Library of Congress classification
|i unmediated -- volume
|
| 998 |
f |
f |
|a F394.N45 G73 1993
|t 0
|l Cushing: Chapman Texas Collection (Does not check out)
|